Super Mega Baseball 4 - 1 Player per team - Statistics

General Stats
  • This quiz has been taken 27 times
  • The average score is 13 of 20
Answer Stats
Team Answer % Correct
Overdogs Anton Goodwood | Samuel Perez | Sakda Song | Raphael Gonzolo | Elroy Action | Rhonda Horne | Dick Burger | Kasha Emyn | Digg Efforto | Guy Gold | Robbin Yew | Yvette Victorino | Casper Stern | Chasey Kim | Larry La'Joy | Werner Bergenberg | Carrie Wayward | Slick Pickman | Brawn Thunderchump | David Diggler | Rocket Ramon | Doug Nerdwerd
83%
Sirloins Preston Addonomus | Momo Tobo | Kat Stanza | Mick Steeyle | Lloyd Cook | Boomer Plattune | Madoka Hayata | Willard Wiggins | Filet Jones | Javier Cortez | Damien Rush | Tish Ballin | Hammer Longballo | Manny Kays | Bugsy Snugs | Slip Van'Derwink | Kayo Niomo | Split Seemerson | Shay Dee | Miguel Duke | Linus Digby | Franz Zilla
83%
Herbisaurs Fiona Clark | Nate Hanky | Grunt Manly | Annabella Stokes | Whopper Batsman | Henry Hampster | Ralph Blue | Milo Stewart | Morton Stanberg | Stevo Reeves | Yoinx Sax | Juan Rojas | Chilli Little | Gem Qualita | Dick Lucas | Olaff Slakov | Tussker Fuss | Sal Slinger | Chuck Filthwick | Leonar Ramiro | Omar Chombo | Elrick Rippen
75%
Nemesis Stacy Staples | Mimori Aoshima | Mash Taters | Javier Hautier | Flash Leathar | Hito Moonshota | Jock Sports | Amy Zoner | Brine Pickleford | Jackie Slam | Churl Dangerfield | Javy Yatter | Gabby Ganez | Ansel Carouse | Heidi Mabettes | Mark Harbourmouth | Deuce Stacker | Jacob Marshmallow | Binky Stevens | Lucy Finnegans | Babette Walkman | Lawerence Wimple
75%
Jacks Tuff Lift | Clutch Cormen | Downtown Upton | Huffly Buffler | Bruno Adamo | Juice Jackson | Yoyo Yamamoto | Rob Glover | Jack Cracker | Log Freely | Razi Dazzler | Batch Wilson | Betty Sparks | Donk Oh | Alberto Roberto | Bella Mietballe | Barry Ozone | Stitch Gripowski | Immaculo Spectaculo | Ellain Munstar | Kisha Musharra | Chico Lapada
75%
Wideloads Harmony Straus | Prince Prize | Darcy Hicks | Janus Friedman | Izzy Baker | Hack Liner | Masha Donga | Chimo Gaspar | Olaf Beerson | Jules Bergman | Wade Hobbes | Fungo Accuro | Ella Roids | Chugg Burbony | Danny Deals | Latoya Lumberg | Gerry Rawner | Holder Close | Bale Bozzer | Molly Pops | Kyrone Throne | Rogan Balls
71%
Beewolves Johnson Swanson | Steve Monstur | Kobe Kingman | Ruby Greene | Gina Torrens | Freddie Knox | Bertha Banks | Handley Dexterez | Buster Bigs | Benny Balmer | Magic Moore | Billy Leboink | Poke Foster | Hurley Bender | Bevis Ortiz | Fran Gipani | Deshaun Levonn | Buzz Pastimm | Tatts Balfour | Benson Rushmore | Smack Avery
71%
Freebooters Jermaine Raines | Racky Backstop | Pomp Duchee | Sturdy Woodman | Walker Runs | Landon Fare | Badhop Brown | Gunns Jackman | Kache Baskette | Patience Evergreen | Stockton Brickhouse | Oakley Stiffs | Kenna Quorn | Winnie Noelle | Nic Diegez | Angel Verde | Lana Rhymes | Kent Ratherswell | Steamboat Wisselle | Grace Loopinovich | Ryder McPride | Kay Frequin
67%
Sawteeth Pex Flext | Junior Young Sr | Junior Young Jr | DP Turner | Sammie Shigetani | Kira Nutmeg | Jon Ronero | Hanso Magikko | Cathy Culdesac | Slash Trips | Mattie Batts | Lester Bronco | Johnny Bags | Lefty Southpalm | Fabio Fabulo | Thrash Allmeyer | Melody Moods | Grease Veterano | Brick Towers | Doc Simpleman | Libby Doe | Maximo Primo
67%
Crocodons Terra Lionerre | Evan Chukov | Liane Drive | Tarzan Woodburn | Andre Candela | Runda Thurd | Trisha Lee | Norton Pickle | Bubba Blastman | Gordon Fruitwell | Clifford Kane | Vinnie Vortex | Juanita Hernandez | Jovita Pulo | Maurice Brick | Jerry Kapps | Bae Paul | Norm Fenomeno | Woody Ano | Tia Mayfair | Lou DaBaziz | Ricky McFarland
67%
Moonstars Boo Louis | Clubber Buff | Tester Osteroni | Rusty Bustum | Pepe Vinicio | Herbert Hackman | Raffy Slaps | Nance Tools | Elija Gobbleson | Gustav Gustavson | Clyde Oliver | Windy Wheels | Dale Nale | Lacky Luster | Alisha Woodrow | Slip Sauder | Vern Turnburner | Durn Wonderfloss | Deft Weddums | Bert Bergerer | Taylor McWhales | Lil Bupton
63%
Grapplers Grizz Senioro | Marla Moore | Devon Godsendez | Ben Kringer | Zoom Delacruz | Ali Finderre | Ian Fielder | Eduardo Electro | Jefe Manzano | Biff Noggins | Marco Demarco | Joven Bambino | Kelby King | Ritonda Black | Perd Lovelorn | Hiro Misano | Bertram Haftberger III | Lola Nopps | Rallie Overro | Mack Gunn | Tucker Turlington | Meggy Meggles
63%
Moose Roman Rhoades | Pedro Nixon | Perry Quaker | Lionel Martinez | Fred Bobbit | Rip Dingers | Nacho Crisp | Wiggles Freeman | Stallion Johnson | Buck Swiner | Heronimus Jackson | Irene Fast | Hose Tremendo | Rhiannon Cannon | Joeffrey Rockman | Sancha Silvio | Raul Strikes | Swirly Cutstiff | Felix Farmhand | Charlie Best | Carla Tolbert | Klaus D'Gayme
63%
Hot Corners Tiny deGrande | Lars Stadkleef | Stu Berko | Dirk Sportswood | Jeb Jumps | Randy Mann | Bobby Bashe | Nora Homes | Stan Elyve | Nori Miyoshi | Beau Belter | Geronimo James | Seymour Socks | Noah Kaiser | Dot Dacornas | Yolanda Cooper | Terrok Smith | Rachel Rhubarb | Joseph Broseph | Amazo Haze | Grump Everbright | Sirloin Jones
63%
Playpi Tugboat Thomas | Chase Tibuhle | Scooter Sandbrick | Kitty Kaufman | Kerry Cartman | Beefcake McStevens | Sky Rodriguez | Charley Lopez | Muffin Studwick | Rory Crowds | Willy Bacon | Herra O'Wuggliems | Linda Hand | Ace von Acesson | Stooby Tubrek | Rusty Nozzle | Rufus Zumar | Shirley Indiere | Chance Lotterbury | Remington Sharp | Hugh Jacobs | Walt Huckster
63%
Blowfish Harry Backman | Sting McGee | Jose Carloco | Shayanne Hill | Hog Porker | Keg Gutterson | Alfonzo Delgado | Elvis Stanley | Marvin Steed | Pumper Lumpkins | Ricky Quan | Nirub Oowanga | Rod Forth | Wanda Dregler | Lad Bradwick | Shania Burns | Batholomew Draculo | Geoffrey Jenkins | Dwight Breeze | Joanna Heater | Mindy Marshwater | Julio Huper
58%
Wildpigs Frank Battery | Earnie Blings | Spanky Wagnerd | Wally Bacon | Turbo Miles | Roberto Alba | Bloop Michaels | Snag Roper | Rosy Hardman | Enrique Goyo | Mannon Moon | Godfried Storm | Flash Evans | Wes Yogurt | Hugs Lovell | Durbin Holmes | Wiff Smesson | Cutter Crackebarrel | Donovan Drake | Alana Lantana | Kendra Kerr | Hander O'Speciallo
54%
Heaters Hank Hart | Kimme Smoke | Mantonio Laevo | Dion Bass | Maggie Rags | Theodore Stiffner | Carlton Starr | Buscha Digman | Slapper Glute | Bubbles Garcia | Raise Ruffo | Volt Bolter | Murky Nubswubbles | Elmo Slayer | Bishop Fuller | Air Lovestone | Pan Knibbles | Boris Biggsworth | Derr Neverwocker | Splash Cashmore | Simba Delano | Huck Enduck
54%
Buzzards Jacques O'Ften | Billy Bronx | Helena Bigsby | Joseph Trunk | Sloop Whoopity | Emilo Idoya | Mario Mustaccio | Buttons Bunterson | Ham Slamous | Rolf Borgnar | Spits McKinny | Thurman Colt | Danno Yoshida | Punchie Patterson | Meow Bubbkins | Erlang Elwood | Hannah Hogswind | Bradley Bowler | Sebastian Morrow | Max Texis | Meat Commonly | Leyla Buckberger
54%
Sand Cats Knox Oxensocksen | Stracy Wickers | Hercules Bentley | Jess Fowl | Chiper Duffers | Winston Draper | Kara Kawaguchi | Rodney Park | Gia Axelson | Tigg Tantrum | Dolf Steak | Super Sampson | Marsha Brown | Kerwin Arches | Kandi Sweet | Beebee Takabasei | Trey Mondo | Sergio Slider | Gasser Morris | Maverick McMann | Jemma Yago | Ice Vainer
54%
No matching quizzes found
Score Distribution
Percent of People with Each Score
Percentile by Number Answered
Your Score History
You have not taken this quiz